00626nam a22001817a 450000500170000001000150001702000260003203500140005803700130007208200080008510000150009324500740010825000090018226000450019127001160023630000220035250000700037420220124122542.0 aENG-129688 c160.00a9789390744305 aEN-113220 bDBAD/PUB a000 aGupta's, R aNTA UGC-NET/JRF:bForensic Science Previous Year's Paper/cR. Gupta's a2022 aNew DelhibRamesh Publishing Housec2022 a12-H, New Daryaganj Road, Opp. Officer's Mess,bNew Delhie110002k011-23261567minfo@rameshpublishinghouse.com a168 p.c24cm(hbk) aJunior Research Fellowship & Assistant Professor Eligibility Exam